Szczegóły MARC21

Prawo dla ekonomistów : podręcznik dla słuchaczy I roku studiów ekonomicznych stacjonarnych i zaocznych /

003 -Nazwa inst., której nr kontr. jest w polu 001 [,]
    • @
    • Nazwa instytucji, której n kontrolny jest w polu 001
    • NUKAT
005 -DATA I CZAS OSTATNIEJ MODYFIKACJI [,]
    • @
    • pole kontrolne
    • 20241231085820.0
020 -Międzynarod. znormalizowany nr książki - ISBN [ , ]
    • a
    • Numer ISBN
    • 8387161268 Find
040 -Instytucja sporządzająca opis [ , ]
    • a
    • Instytucja, która sporządziła opis (NP)
    • TOR U/EKTR
    • c
    • Instytucja, która sporządziła rekord (NP)
    • TOR U/EKTR
    • d
    • Instytucja, która zmodyfikowała rekord (P)
    • TOR U/AP
    • d
    • Instytucja, która zmodyfikowała rekord (P)
    • Ł U/MSs
942 -Rodzaj dokumentu [ , ]
    • c
    • Rodzaj dokumentu
    • Książka
100 -Hasło główne - nazwa osobowa [1, ]
    • a
    • Nazwa osobowa (NP)
    • Górski, Władysław
    • d
    • Daty biograficzne (NP)
    • (1917-2015).
    • 9
    • KHW
    • 38282
245 -Strefa tytułu i oznaczenia odpowiedzialności [1,0]
    • a
    • Tytuł
    • Prawo dla ekonomistów : Find
    • b
    • Ciąg dalszy tytułu (NP)
    • podręcznik dla słuchaczy I roku studiów ekonomicznych stacjonarnych i zaocznych / Find
    • c
    • Pozostałe elementy strefy tytułu i oznaczenia odpowiedzialności (NP)
    • Władysław Górski, Krzysztof Wesołowski.
250 -Strefa wydania [ , ]
    • a
    • Oznaczenie wydania (NP)
    • Stan prawny na dzień 1 września 1997 r.
260 -Strefa adresu wydawniczego [ , ]
    • a
    • Miejsce wydania (P)
    • Szczecin ;
    • a
    • Miejsce wydania (P)
    • Zielona Góra :
    • b
    • Nazwa wydawcy (P)
    • Zachodnie Centrum Organizacji,
    • c
    • Data wydania (P)
    • 1997.
300 -Strefa opisu fizycznego [ , ]
    • a
    • Określenie formy książki i/lub objętość (NP)
    • 353 s. ;
    • c
    • Format (NP)
    • 20 cm.
336 -Typ zawartości [ , ]
    • a
    • Termin opisujący typ zawartości
    • Tekst
    • b
    • Kod określający zawartość
    • txt
    • 2
    • Źródło (terminu i kodu)
    • rdacontent
337 -Typ mediów [ , ]
    • a
    • Tryb odtwarzania
    • Bez urządzenia pośredniczącego
    • b
    • Kod typu mediów
    • n
    • 2
    • Źródło (terminu i kodu)
    • rdamedia
338 -Typ/rodzaj nośnika [ , ]
    • a
    • Hasło opisujące typ nośnika
    • Wolumin
    • b
    • Kod typu nośnika
    • nc
    • 2
    • Źródło (terminu i kodu)
    • rdacarrier
080 -Uniwersalna Klasyfikacja Dziesiętna [ , ]
    • a
    • Symbol klasyfikacji
    • 34(075.8)
650 -Hasło przedmiotowe [ ,7]
    • a
    • Hasło przedmiotowe
    • Prawo
    • z
    • Określnik geograficzny
    • Polska
    • v
    • Określnik formalny
    • podręczniki akademickie.
    • 2
    • Źródło terminu
    • kaba
    • 9
    • KHW
    • 360315
650 -Hasło przedmiotowe [ ,7]
    • a
    • Hasło przedmiotowe
    • Prawo cywilne
    • z
    • Określnik geograficzny
    • Polska
    • v
    • Określnik formalny
    • podręczniki akademickie.
    • 2
    • Źródło terminu
    • kaba
    • 9
    • KHW
    • 360316
980 -Symbol UKD [ , ]
    • a
    • UKD
    • 34(075.8)
700 -Hasło dodatkowe - nazwa osobowa [1, ]
    • a
    • Nazwa osobowa (NP)
    • Wesołowski, Krzysztof Find
    • c
    • Dopowiedzenie inne niż daty biograficzne (NP)
    • (prawnik).
    • 9
    • KHW
    • 12873
920 -ISBN [ , ]
    • a
    • ISBN
    • 83-87161-26-8 Find
Data inwentaryzacji Lokalizacja Sygnatura Numer inwentarzowy Status udost.
1997-11-20BE E.65007-2
1997-11-20BE S.814542
1997-11-20BE S.814552
1997-11-20BE S.814562
1997-11-20BE S.814572
1997-11-20BE S.814582
1997-11-20BE S.81459-6
1997-11-20BE S.814602
1997-11-20BE S.814612
1997-11-20BE S.814622
1997-11-20BE S.814632
1997-11-20BE S.814642
1997-11-20BE S.814652
1997-11-20BE S.814662
1997-11-20BE S.814672
1997-11-20BE S.814682
1997-11-20BE S.814692
1997-11-20BE S.814702
1997-11-20BE S.814712
1997-11-20BE S.814722
1997-11-20BE S.814732
2000-04-19BE S.85724-6
1997-11-20BGZ.90610Z.906101
1998-12-22BSASA.9097SA.90971
1997-11-20TTS.81474TS.81474-3
1997-11-20TTS.81475TS.81475-3
1997-11-20TTS.81476TS.81476-11
1997-11-20TTS.81477TS.81477-11
1997-11-20TTS.81478TS.81478-11
1997-11-20TTS.81479TS.81479-3
1997-11-20TTS.81480TS.81480-3
1997-11-20TTS.81481TS.81481-3
1997-11-20T TS.81482-3
1997-11-20T TS.81483-11
2000-08-23TT.3097T.3097-6
2000-08-23TT.3098T.3098-6
2004-06-25TTM.2393TM.2393-6
2005-10-10TTM.3553TM.3553-6